| Tag |
First Indicator |
Second Indicator |
Subfields |
| LEADER |
00000cam a2200000 a 4500 |
| 001 |
in00000891796 |
| 005 |
20150923140953.0 |
| 007 |
hd afv---baca |
| 007 |
hz bfv---baaa |
| 008 |
840530s1673 miuac a 00010 eng d |
| 035 |
|
|
|a (OCoLC)10788940
|
| 035 |
|
|
|9 AEL4765AM
|
| 037 |
|
|
|a CL0037000049
|b University Microfilms International
|
| 037 |
|
|
|b University Microfilms International, 300 N. Zeeb Rd., Ann Arbor, MI 48106
|
| 040 |
|
|
|a UMI
|c UMI
|d m/c
|d UtOrBLW
|
| 043 |
|
|
|a nwjm---
|
| 045 |
0 |
|
|b d1674
|
| 049 |
|
|
|a TXAI
|
| 090 |
|
|
|a AY751
|b .G32 1674
|
| 099 |
|
|
|a film
|a B
|a 3609
|
| 100 |
1 |
|
|a Gadbury, John,
|d 1627-1704.
|
| 245 |
1 |
4 |
|a The VVest India, or Jamaica almanack 1674 ... /
|c by John Gadbury.
|
| 264 |
|
3 |
|a London :
|b Printed for the Company of Stationers,
|c [1673]
|
| 300 |
|
|
|a 46 unnumbered pages, 16 pages, 8 unnumbered pages :
|b illustrations, portrait
|
| 336 |
|
|
|a text
|b txt
|2 rdacontent
|
| 337 |
|
|
|a microform
|b h
|2 rdamedia
|
| 338 |
|
|
|a microfilm reel
|b hd
|2 rdacarrier
|
| 500 |
|
|
|a Part 2 has separate title page and paging.
|
| 500 |
|
|
|a Reproduction of original in the Bodleian Library.
|
| 510 |
4 |
|
|a Wing
|c A1784.
|
| 533 |
|
|
|a Microfilm.
|b Ann Arbor, Mich. :
|c University Microfilms International,
|d 1983.
|e 1 microfilm reel ; 35 mm.
|f (Early English books, 1641-1700 ; 1413:26)
|
| 500 |
|
|
|a Microform.
|
| 650 |
|
0 |
|a Almanacs, English.
|
| 650 |
|
0 |
|a Ephemerides.
|
| 740 |
4 |
|
|a The West India almanack.
|
| 740 |
4 |
|
|a The Jamaica almanack.
|
| 830 |
|
0 |
|a Early English books, 1641-1700 ;
|v 1413:26.
|
| 999 |
|
|
|a MARS
|
| 999 |
f |
f |
|s 125ff4ab-70a9-3cb1-a5bf-c98e0d37a2ea
|i cfa1d71c-09bd-3ec7-a2d5-18cbc5225950
|t 0
|
| 952 |
f |
f |
|p default
|a Texas A&M University
|b College Station
|c Sterling C. Evans Library
|d Evans: Microforms (3rd floor)
|t 0
|e film B 3609 1413:26
|h Other scheme
|i microform -- microfilm reel
|
| 998 |
f |
f |
|a film B 3609 1413:26
|t 0
|l Evans: Microforms (3rd floor)
|